| 000 | 00569nam a2200217 a 4500 | ||
|---|---|---|---|
| 999 |
_c10001 _d10001 |
||
| 001 | 10001 | ||
| 003 | BD-JhCC | ||
| 005 | 20180404105108.0 | ||
| 008 | 180404s1966 bg |||| || | 000 0 eng d | ||
| 035 | _a(BD-JhCC)10001 | ||
| 040 |
_aBD-JhCC _dBD-JhCC |
||
| 041 | _aeng | ||
| 082 |
_a320.1 _bRAH 1966 |
||
| 100 | _aRahman, Hafiz Habibur | ||
| 245 |
_aPolitical Science and Government / _cHafiz Habibur Rahman, |
||
| 260 |
_aDacca : _bIdeal Publications, _c1966 |
||
| 300 |
_a385 p. : _c20 cm. |
||
| 650 | _aPolitical Science | ||
| 942 |
_2ddc _cBK |
||